|
|
|
|
| LEADER |
00000cam a2200000 7i4500 |
| 001 |
0000041999 |
| 005 |
20251208165702.0 |
| 006 |
sbr#p l0# ##a1 |
| 007 |
tz |
| 008 |
251208c my mr#p l# a1may# |
| 022 |
0 |
|
|a 04173910
|
| 090 |
0 |
0 |
|a 370
|b DEW
|
| 245 |
1 |
0 |
|a Dewan Pelajar
|
| 264 |
|
0 |
|b Dewan Bahasa dan Pustaka
|c ©2007
|
| 300 |
|
|
|a 64 pages. :
|b illustrations ;
|c 26 cm.
|
| 310 |
|
|
|a monthly
|
| 336 |
|
|
|a text
|2 rdacontent
|
| 337 |
|
|
|a unmediated
|2 rdamedia
|
| 338 |
|
|
|a volume
|2 rdacarrier
|
| 362 |
0 |
|
|a January 2006 - October 2010.January 2020 - December 2022. January - December 2023, January - December 2024
|
| 500 |
|
|
|a Library has bound issue 2003
|
| 520 |
|
|
|a A magazine specifically designed to disseminate knowledge to children in various fields with the aim of encouraging an interest in reading in the Malaysian language. This magazine also provides a space to develop children's talents and creativity in the field of writing.
|
| 588 |
|
|
|a January 2006, tittle from cover page
|
| 650 |
0 |
0 |
|a Education
|x Periodicals
|
| 850 |
|
|
|a Library has January-December. 2006, January - December, 2007. January-December 2008. January-December 2009. January-October 2010
|
| 850 |
|
|
|a PKPJ :v2013 no1-12 copy1
|
| 850 |
|
|
|a PKPJ :v2014 no1-12 copy1
|
| 850 |
|
|
|a PKPJ :v2015 no1-12 copy1
|
| 850 |
|
|
|a PKPJ :v2023 no1-12 copy4
|
| 850 |
|
|
|a PKPJ :v20234 no1-12 copy4
|
| 999 |
|
|
|a 00172907
|b MAJALAH
|c MAJALAH RUJUKAN
|e PERPUSTAKAAN KOMUNITI PETALING JAYA
|
| 999 |
|
|
|a 098632/98
|b BUKU
|c MAJALAH RUJUKAN
|e PERPUSTAKAAN KOMUNITI PETALING JAYA
|
| 999 |
|
|
|a 105632/00
|b BUKU
|c MAJALAH RUJUKAN
|e PERPUSTAKAAN KOMUNITI PETALING JAYA
|
| 999 |
|
|
|a 111255/00
|b MAJALAH
|c MAJALAH RUJUKAN
|e PERPUSTAKAAN KOMUNITI PETALING JAYA
|
| 999 |
|
|
|a 132351/01
|b BUKU
|c MAJALAH RUJUKAN
|e PERPUSTAKAAN KOMUNITI PETALING JAYA
|
| 999 |
|
|
|a 154780/02
|b MAJALAH
|c MAJALAH RUJUKAN
|e PERPUSTAKAAN KOMUNITI PETALING JAYA
|
| 999 |
|
|
|a 194346
|b MAJALAH
|c MAJALAH RUJUKAN
|e PERPUSTAKAAN KOMUNITI PETALING JAYA
|
| 999 |
|
|
|a 216934/07
|b MAJALAH
|c MAJALAH RUJUKAN
|e PERPUSTAKAAN KOMUNITI PETALING JAYA
|
| 999 |
|
|
|a 282372/12
|b MAJALAH
|c MAJALAH RUJUKAN
|e PERPUSTAKAAN KOMUNITI CAW TAMAN MEDAN
|
| 999 |
|
|
|a 282646/13
|b MAJALAH
|c MAJALAH RUJUKAN
|e PERPUSTAKAAN KOMUNITI PETALING JAYA
|
| 999 |
|
|
|a 282734/13
|b MAJALAH
|c MAJALAH RUJUKAN
|e PERPUSTAKAAN KOMUNITI CAW KOTA DAMANSARA
|
| 999 |
|
|
|a 282741/13
|b MAJALAH
|c MAJALAH RUJUKAN
|e PERPUSTAKAAN KOMUNITI CAW TAMAN MEDAN
|
| 999 |
|
|
|a 282769/14
|b MAJALAH
|c MAJALAH RUJUKAN
|e PERPUSTAKAAN KOMUNITI PETALING JAYA
|
| 999 |
|
|
|a 282903/14
|b MAJALAH
|c MAJALAH RUJUKAN
|e PERPUSTAKAAN KOMUNITI CAW TAMAN MEDAN
|
| 999 |
|
|
|a 282927/14
|b MAJALAH
|c MAJALAH RUJUKAN
|e PERPUSTAKAAN KOMUNITI CAW KOTA DAMANSARA
|
| 999 |
|
|
|a 334712/15
|b MAJALAH
|c MAJALAH RUJUKAN
|e PERPUSTAKAAN KOMUNITI CAW TAMAN MEDAN
|
| 999 |
|
|
|a 334775/15
|b MAJALAH
|c MAJALAH RUJUKAN
|e PERPUSTAKAAN KOMUNITI PETALING JAYA
|
| 999 |
|
|
|a 334815/15
|b MAJALAH
|c MAJALAH RUJUKAN
|e PERPUSTAKAAN KOMUNITI CAW KOTA DAMANSARA
|
| 999 |
|
|
|a 334885/16
|b MAJALAH
|c MAJALAH RUJUKAN
|e PERPUSTAKAAN KOMUNITI CAW KOTA DAMANSARA
|
| 999 |
|
|
|a 334904/16
|b MAJALAH
|c MAJALAH RUJUKAN
|e PERPUSTAKAAN KOMUNITI CAW TAMAN MEDAN
|
| 999 |
|
|
|a 334943/16
|b MAJALAH
|c MAJALAH RUJUKAN
|e PERPUSTAKAAN KOMUNITI PETALING JAYA
|
| 999 |
|
|
|a 335005/17
|b MAJALAH
|c MAJALAH RUJUKAN
|e PERPUSTAKAAN KOMUNITI CAW TAMAN MEDAN
|
| 999 |
|
|
|a 335012/17
|b MAJALAH
|c MAJALAH RUJUKAN
|e PERPUSTAKAAN KOMUNITI PETALING JAYA
|
| 999 |
|
|
|a 335357/24
|b MAJALAH
|c MAJALAH RUJUKAN
|e PERPUSTAKAAN KOMUNITI PETALING JAYA
|